| 000 | 00639nam a2200253 a 4500 | ||
|---|---|---|---|
| 999 |
_c8430 _d8430 |
||
| 001 | 8430 | ||
| 003 | UkOxU | ||
| 005 | 20180419185200.0 | ||
| 008 | 031115s2000 enka 001 0 eng d | ||
| 020 | _a0719586054 | ||
| 035 | _a(BD-JhCC)8430 | ||
| 040 |
_aBD-JhCC _dBD-JhCC |
||
| 041 | _aeng | ||
| 082 |
_bDUN 2000 _a530 |
||
| 100 | 1 |
_aDuncan, Tom, _d1922-2007 |
|
| 245 | 1 | 0 |
_aAdvanced physics / _cTom Duncan. |
| 250 | _a5th ed., international student ed. | ||
| 260 |
_aLondon : _bMurray, _c2000. |
||
| 300 |
_aix, 587 p. : _bill. ; _c28 cm. |
||
| 504 | _aIncludes index. | ||
| 650 | 0 | _aPhysics. | |
| 942 |
_2ddc _cBK |
||